Writers by their works - novels - Statistics

General Stats
  • This quiz has been taken 207 times
  • The average score is 8 of 15
Answer Stats
Hint Answer % Correct
1984 George Orwell (Eric Arthur Blair)
95%
Pride and Prejudice Jane Austen
92%
War and Peace Leo Tolstoy
86%
The Great Gatsby F Scott Fitzgerald
83%
For Whom the Bell Tolls Ernest Hemingway
73%
Wuthering Heights Emily Brontë
68%
Of Mice and Men John Steinbeck
68%
Robinson Crusoe Daniel Defoe
62%
Catch-22 Joseph Heller
43%
Far From the Madding Crowd Thomas Hardy
34%
The Mysterious Affair at Styles Agatha Christie
33%
Things Fall Apart Chinua Achebe
31%
Something Wicked This Way Comes Ray Bradbury
17%
The Curious Incident of the Dog in the Night-Time Mark Haddon
16%
The Postman Always Rings Twice James M Cain
13%
No matching quizzes found
Score Distribution
Percent of People with Each Score
Percentile by Number Answered
Your Score History
You have not taken this quiz